| 000 | 00685nam a2200205Ia 4500 | ||
|---|---|---|---|
| 999 |
_c1802 _d1802 |
||
| 003 | DO-SdBJH | ||
| 005 | 20200516221018.0 | ||
| 008 | 171116s9999 dr 000 0 spa d | ||
| 020 | _a978-84-9942-256-5 | ||
| 040 |
_aDO-SdBJH _bspa _cDO-SdBJH |
||
| 041 | _bspa | ||
| 082 |
_a363.8 _bZ66d 2013 |
||
| 100 | 1 | _aZiegler,Jean | |
| 245 | 1 | 0 |
_aDestrucción masiva : _bgeopolítica del hambre / _cJean Ziegler |
| 260 |
_aBarcelona España : _bPenínsula, _c2013 |
||
| 300 | _a333 páginas | ||
| 490 | _aDivulgación ;3363 | ||
| 650 | 4 |
_aOrganización de las Naciones Unidas para la agricultura y la alimentación _x ayuda alimentaria _v aspectos políticos, hambre |
|
| 942 |
_2ddc _cBK |
||